000 00477nam a2200181Ia 4500
005 20250326124001.0
008 250326s9999 xx 000 0 und d
037 _aTextbook
040 _aFMSL
_beng
_cFMSL
041 _aeng
_2eng
084 _aXxN L3
_qFMSL
100 _aMetzler L A
_9736551
245 0 _aCollected papers
_cMetzler L A
260 _aUSA
_bUSA, Harvard University
_c1973
300 _a598p
942 _cTB
_hXxN L3
999 _c1271759
_d1271759